Lower-class families : the culture of poverty in Negro Trinidad

Αποθηκεύτηκε σε:
Λεπτομέρειες βιβλιογραφικής εγγραφής
Κύριος συγγραφέας: Rodman, Hyman
Μορφή: Βιβλίο
Γλώσσα:English
Δημοσίευση: New York : Oxford University Press, 1971.
Θέματα:
Ετικέτες: Προσθήκη ετικέτας
Δεν υπάρχουν, Καταχωρήστε ετικέτα πρώτοι!

MARC

LEADER 00000cam a2200000 a 4500
001 1/116802
008 180611s1971####nyu| ||| |||| ||eng||
040 |a GR-MyUa  |b gre  |c GR-MyUa  |e AACR2 
041 0 |a eng 
082 7 |a 306.80972   |2 (23) 
100 1 |a Rodman, Hyman. 
245 1 0 |a Lower-class families :   |b the culture of poverty in Negro Trinidad /   |c Hyman Rodman.  
260 |a New York :   |b Oxford University Press,  |c 1971. 
300 |a xi, 242 σ. ;   |c 22 εκ.  
504 |a Περιλαμβάνει βιβλιογραφία. 
650 0 |a Poor  |z Trinidad and Tobago  |z Trinidad. 
650 0 |a Families, Black  |z Trinidad and Tobago  |z Trinidad. 
651 0 |a Trinidad   |x Social conditions. 
852 |a INST  |b LESVOS  |e 20180611  |h 306.80972 ROD  |p 005100060448  |q 005100060448  |t BK  |y 0 
970 |a Τζαφέρη  |b Ευαγγελία  |z 11-06-2018